Apuntes de Economía Política / (Record no. 138132)

MARC details
000 -LEADER
campo de control de longitud fija 00480nam a2200157 4500
001 - NÚMERO DE CONTROL
campo de control 138132
003 - IDENTIFICADOR DE NÚMERO DE CONTROL
campo de control ES-MaACL
005 - FECHA Y HORA DE LA ÚLTIMA TRANSACCIÓN
campo de control 20230906195517.0
007 - CAMPO FIJO DE DESCRIPCIÓN FÍSICA--INFORMACIÓN GENERAL
campo de control de longitud fija t|
008 - DATOS DE LONGITUD FIJA--INFORMACIÓN GENERAL
campo de control de longitud fija 070214s1952 sp r ||||1| spa d
100 1# - ENTRADA PRINCIPAL--NOMBRE DE PERSONA
Nombre de persona Sánchez Ramos, Francisco.
9 (RLIN) 102868
245 10 - MENCIÓN DEL TÍTULO
Título Apuntes de Economía Política /
Mención de responsabilidad, etc. por el prof. Dr. Francisco Sánchez Ramos.
260 ## - PUBLICACIÓN, DISTRIBUCIÓN, ETC.
Lugar de publicación, distribución, etc. Madrid :
Nombre del editor, distribuidor, etc. [s. n.],
Fecha de publicación, distribución, etc. 1952 (
Fabricante Artes Gráf. Mag)
300 ## - DESCRIPCIÓN FÍSICA
Extensión 358 p. ;
Dimensiones 21 cm.
852 ## - LOCALIZACIÓN
Ubicación ES-MaACL
Número de control de estantería C-5664
Sublocalización o colección R.34770
Holdings
Estatus retirado Estado de pérdida Estado de daño No para préstamo Biblioteca de origen Biblioteca actual Ubicación en estantería Fecha de adquisición Fuente de adquisición Total de préstamos Signatura topográfica completa Código de barras Visto por última vez Precio de reemplazo Tipo de ítem Koha
        Biblioteca del Ateneo de Madrid Biblioteca del Ateneo de Madrid Sala Palomar 17/01/2008     C-5664 1143738 23/02/2023 23/02/2023 Libro impreso